| 000 | 01806cas a2200457 a 4500 | ||
|---|---|---|---|
| 999 |
_c7871 _d7871 |
||
| 001 | 991045496999706706 | ||
| 003 | OSt | ||
| 005 | 20240223130757.0 | ||
| 007 | cr#||||||||||| | ||
| 008 | 071102c20029999spcf||p|o ||| 0 ||spa | ||
| 015 |
_aSE2007 _2bnc |
||
| 017 |
_aDL B. 49106-2002 _bBiblioteca de Catalunya |
||
| 022 |
_a1695-5498 _l1695-5498 |
||
| 035 | _a(ES-BaCBU).b36671666 | ||
| 040 |
_aES-BaBC _bcat _cCDMR |
||
| 080 | _a002(05) | ||
| 080 | _a681.3.07:002(05) | ||
| 080 | _a002:681.3.07(05) | ||
| 090 |
_aZ665 _b.H58 |
||
| 245 | 0 | 0 |
_aHipertext.net _h[Recurs electrònic] |
| 246 | 1 | 3 | _aHTXT |
| 260 |
_aBarcelona : _bUPF. Departamento de Periodismo y de Comunicación Audiovisual. Sección Científica de Ciencias de la Documentación, _c2003- |
||
| 310 |
_aSemestral _b2019- |
||
| 321 |
_aAnual _b2003-2018 |
||
| 362 | 0 | _aNo. 1 (2003)- | |
| 500 | _aDescripció del recurs: 2 novembre 2007 | ||
| 500 | _aTítol obtingut de la pàgina principal | ||
| 500 | _aPosteriorment editat per: Universitat Pompeu Fabra, Departament de Comunicació | ||
| 504 | _aBibliografia | ||
| 530 | _aTambé es publica en anglès a partir del núm. 3 (2005) | ||
| 650 | 7 |
_aInformació _xSistemes d'emmagatzematge i recuperació _xRevistes. _2lemac |
|
| 650 | 0 |
_aMitjans de comunicació digitals _xRevistes _93079 |
|
| 650 | 7 |
_aDocumentació _xRevistes. _2lemac |
|
| 710 | 2 |
_aUniversitat Pompeu Fabra. _bSecció Científica de Biblioteconomia i Documentació. |
|
| 710 |
_aUniversitat Pompeu Fabra. _bDepartament de Comunicació. |
||
| 856 | 4 | 0 |
_zAccés lliure _uhttps://raco.cat/index.php/Hipertext/issue/archive |
| 907 |
_a.b36671666 _b17-06-21 _c12-05-08 _d07-05-08 _es _fv _g- _hspa _ispc _j0 _k9 |
||
| 908 |
_aBC _aUAB _aUB _aUdG _aUdL _aUPC _aUPF _aURV _aUVic-UCC _aBPC |
||
| 940 | _aBC | ||
| 942 |
_2udc _cSER-E |
||